[Event "Open Praha 2016"]
[Site "Praha CZE"]
[Date "2016.01.09"]
[Round "2.6"]
[White "Gavrilov, Alexei"]
[Black "Sindler, Michal"]
[Result "1-0"]
[WhiteElo "2425"]
[BlackElo "2196"]
[PlyCount "151"]
[EventDate "2016.01.08"]
[EventType "swiss"]
[EventRounds "9"]
[EventCountry "CZE"]
[Source "lmi"]
[SourceDate "2016.01.08"]

1. d4 Nf6 2. c4 g6 3. Nc3 Bg7 4. e4 d6 5. Nf3 O-O 6. Be2 e5 7. Be3 Na6 8. Qd2
Ng4 9. Bg5 f6 10. Bh4 h5 11. h3 Nh6 12. Rd1 Nf7 13. O-O c6 14. a3 Nc7 15. Bg3
Bh6 16. Qc2 Qe7 17. Rfe1 Kg7 18. b4 Ng5 19. Nxg5 Bxg5 20. d5 Rd8 21. Bd3 Bd7
22. Ne2 Be8 23. f4 Bh6 24. Rf1 b5 25. dxc6 Bxc6 26. cxb5 Bxb5 27. Bxb5 Nxb5 28.
Bh4 exf4 29. Nxf4 Bxf4 30. Rxf4 g5 31. Rf5 Rac8 32. Qd2 Nc3 33. Bxg5 Nxe4 34.
Bxf6+ Qxf6 35. Qf4 Qe7 36. Rxh5 Nf6 37. Qg5+ Kf7 38. Rf1 Qe5 39. Rh7+ Ke6 40.
Rxf6+ Qxf6 41. Rh6 Qxh6 42. Qxh6+ Kd5 43. h4 Kc4 44. Qf4+ Kb3 45. Qe3+ Kb2 46.
Qxa7 d5 47. Qd4+ Kxa3 48. b5 Rc4 49. Qf6 Rcc8 50. Qd4 Rc4 51. Qb6 Rcc8 52. Qa5+
Kb3 53. b6 d4 54. b7 Rb8 55. Kf2 d3 56. Ke1 Kc4 57. Kd2 Rg8 58. g4 Rge8 59.
Qc7+ Kb5 60. h5 Ka6 61. h6 Rh8 62. g5 Rxb7 63. Qc4+ Rb5 64. Qa4+ Ra5 65. Qc6+
Ka7 66. Qc7+ Ka6 67. Qd6+ Kb7 68. Qe7+ Kc8 69. Qe6+ Kb7 70. Qf7+ Kc8 71. g6 Rd8
72. Qc4+ Kb7 73. h7 Rh5 74. Qe4+ Kb6 75. g7 Rh2+ 76. Kd1 1-0

[Event "Open Praha 2016"]
[Site "Praha CZE"]
[Date "2016.01.09"]
[Round "2.7"]
[White "Manik, Mikulas"]
[Black "Yakimenko, Alexander A"]
[Result "1-0"]
[WhiteElo "2406"]
[BlackElo "2195"]
[PlyCount "87"]
[EventDate "2016.01.08"]
[EventType "swiss"]
[EventRounds "9"]
[EventCountry "CZE"]
[Source "lmi"]
[SourceDate "2016.01.08"]

1. e4 e6 2. d4 d5 3. Nd2 Nc6 4. Ngf3 Nf6 5. e5 Nd7 6. Bd3 Nb4 7. Be2 c5 8. c3
Nc6 9. O-O f6 10. Re1 fxe5 11. Nxe5 Ndxe5 12. dxe5 Qc7 13. Bb5 Bd7 14. Qg4
O-O-O 15. Nf3 h6 16. h4 Kb8 17. Bf4 Ne7 18. Bd3 g6 19. b4 Rg8 20. bxc5 Qxc5 21.
Rab1 Ka8 22. Be3 Qa5 23. Nd4 Nf5 24. Bxf5 exf5 25. Qe2 Be7 26. e6 Ba4 27. Bxh6
Bxh4 28. Nf3 Be7 29. Bg5 Rge8 30. Qe5 Bc2 31. Rbc1 Be4 32. Bxe7 Rxe7 33. Ng5
Qxa2 34. f3 Bd3 35. Nf7 Rde8 36. Qd4 Qc4 37. Nd6 Qxd4+ 38. cxd4 Rd8 39. Rc8+
Rxc8 40. Nxc8 Re8 41. e7 Bb5 42. Nd6 a6 43. Nxe8 Bxe8 44. Re5 1-0

[Event "Open Praha 2016"]
[Site "Praha CZE"]
[Date "2016.01.09"]
[Round "2.8"]
[White "Gluckman, David"]
[Black "Kohlweyer, Bernd"]
[Result "1-0"]
[WhiteElo "2219"]
[BlackElo "2404"]
[PlyCount "49"]
[EventDate "2016.01.08"]
[EventType "swiss"]
[EventRounds "9"]
[EventCountry "CZE"]
[Source "lmi"]
[SourceDate "2016.01.08"]

1. e4 c5 2. Nf3 d6 3. Bb5+ Nd7 4. O-O Ngf6 5. Re1 a6 6. Bf1 b5 7. a4 Bb7 8.
axb5 axb5 9. Rxa8 Qxa8 10. Bxb5 Bxe4 11. Nc3 Bc6 12. d4 Bxb5 13. Nxb5 Qb8 14.
c4 e6 15. Bf4 Nh5 16. Bd2 Be7 17. d5 e5 18. Nxe5 Nxe5 19. Qxh5 Nxc4 20. Rxe7+
Kxe7 21. Qh4+ Kd7 22. Qg4+ Ke7 23. Qxc4 Rd8 24. Bf4 Kf8 25. Bxd6+ 1-0

[Event "Open Praha 2016"]
[Site "Praha CZE"]
[Date "2016.01.09"]
[Round "2.9"]
[White "Rzayev, Bahruz"]
[Black "Jascenko, Olga"]
[Result "1-0"]
[WhiteElo "2400"]
[BlackElo "2192"]
[PlyCount "115"]
[EventDate "2016.01.08"]
[EventType "swiss"]
[EventRounds "9"]
[EventCountry "CZE"]
[Source "lmi"]
[SourceDate "2016.01.08"]

1. e4 c5 2. Nf3 e6 3. d4 cxd4 4. Nxd4 a6 5. Bd3 Qc7 6. O-O Nf6 7. Qe2 Nc6 8.
Nxc6 dxc6 9. e5 Nd7 10. Bf4 f5 11. a4 a5 12. Re1 Nb6 13. Na3 Bxa3 14. Rxa3 Nd5
15. Bc1 O-O 16. Bc4 Bd7 17. Rh3 Be8 18. c3 Bg6 19. Rd1 Rf7 20. Rd4 Rd8 21. Bg5
Rb8 22. Rdh4 Qd7 23. Bd3 b5 24. axb5 cxb5 25. Rd4 Qb7 26. Bc2 a4 27. Bb1 Rc7
28. Ba2 Rc5 29. Rhd3 h6 30. Bc1 Rd8 31. Rg3 Kh7 32. Rh4 Qf7 33. Bg5 Rd7 34.
Rgh3 a3 35. Rd4 axb2 36. Qxb2 Nxc3 37. Bxh6 gxh6 38. Qd2 Bh5 39. Rxd7 Ne2+ 40.
Kf1 Rc1+ 41. Qxc1 Qxd7 42. Qc2 Nf4 43. Rc3 Qd4 44. g3 Be2+ 45. Ke1 Bd3 46. Qd2
Qe4+ 47. Kd1 Qf3+ 48. Kc1 Ne2+ 49. Kb2 Nxc3 50. Kxc3 Bc4+ 51. Kb4 Qa8 52. Bxc4
Qa4+ 53. Kc5 Qxc4+ 54. Kd6 b4 55. Ke7 Kg6 56. Qd8 b3 57. Qg8+ Kh5 58. Kf6 1-0

[Event "Open Praha 2016"]
[Site "Praha CZE"]
[Date "2016.01.09"]
[Round "2.10"]
[White "Burnett, Andrew"]
[Black "Schmidt-Schaeffer, Sebastian"]
[Result "0-1"]
[WhiteElo "2210"]
[BlackElo "2381"]
[PlyCount "134"]
[EventDate "2016.01.08"]
[EventType "swiss"]
[EventRounds "9"]
[EventCountry "CZE"]
[Source "lmi"]
[SourceDate "2016.01.08"]

1. d4 f5 2. c4 Nf6 3. g3 e6 4. Bg2 Be7 5. Nc3 d5 6. Nh3 O-O 7. O-O c6 8. Qc2
Qe8 9. Rb1 a5 10. a3 b5 11. cxb5 cxb5 12. a4 bxa4 13. Nxa4 Nc6 14. Nb6 Rb8 15.
Nxc8 Qxc8 16. Rd1 Rb4 17. e3 Qd7 18. Bd2 Rc4 19. Qd3 Nb4 20. Bxb4 Bxb4 21. Nf4
Rfc8 22. b3 Rc3 23. Qa6 R3c6 24. Qe2 Ne4 25. Bxe4 fxe4 26. Qg4 Qf7 27. h4 g6
28. Kg2 Qf5 29. Qxf5 gxf5 30. Kf1 Kf7 31. Ne2 Rc2 32. Rdc1 Bd2 33. Rxc2 Rxc2
34. Nf4 Ke7 35. Nh3 h6 36. Nf4 Kd6 37. h5 Ke7 38. Ng6+ Kf6 39. Nf4 Ra2 40. Kg1
Ra3 41. Kf1 Ra2 42. Kg1 Rc2 43. Kf1 Rc6 44. Ke2 Bb4 45. Kd1 Bd6 46. Ra1 Ra6 47.
Ra2 Rb6 48. Rxa5 Rxb3 49. Kc2 Rb8 50. Ra7 Bxf4 51. gxf4 Rg8 52. Rh7 Rg2 53.
Rxh6+ Kf7 54. Rh7+ Kf8 55. h6 Rxf2+ 56. Kc3 Re2 57. Kb4 Rxe3 58. Kc5 Rh3 59.
Kd6 Kg8 60. Rg7+ Kh8 61. Rg6 Kh7 62. Rg7+ Kxh6 63. Re7 Kh5 64. Rg7 e3 65. Rg2
Rf3 66. Kxe6 Rxf4 67. Rg3 e2 0-1

[Event "Open Praha 2016"]
[Site "Praha CZE"]
[Date "2016.01.09"]
[Round "2.11"]
[White "Atalik, Ekaterina"]
[Black "Bartos, Jan"]
[Result "1-0"]
[WhiteElo "2378"]
[BlackElo "2176"]
[PlyCount "61"]
[EventDate "2016.01.08"]
[EventType "swiss"]
[EventRounds "9"]
[EventCountry "CZE"]
[Source "lmi"]
[SourceDate "2016.01.08"]

1. d4 d5 2. c4 dxc4 3. Nf3 a6 4. e3 b5 5. a4 Bb7 6. b3 e6 7. bxc4 bxc4 8. Bxc4
Nf6 9. O-O c5 10. Bb2 Nbd7 11. Nbd2 Be7 12. Qe2 O-O 13. Rfd1 Qb6 14. Rab1 Qa7
15. Ne5 cxd4 16. Bxd4 Bc5 17. Ba1 Nxe5 18. Bxe5 Bc6 19. a5 Bd5 20. Bxf6 gxf6
21. Bxd5 exd5 22. Qg4+ Kh8 23. Qf5 Qe7 24. Qxd5 Rad8 25. Qf3 Bb4 26. Nb3 Rxd1+
27. Rxd1 Rd8 28. g3 Rxd1+ 29. Qxd1 Qe5 30. Qd7 Kg7 31. Qg4+ 1-0

[Event "Open Praha 2016"]
[Site "Praha CZE"]
[Date "2016.01.09"]
[Round "2.12"]
[White "Christensen, Bo Garner"]
[Black "Plischki, Sebastian"]
[Result "0-1"]
[WhiteElo "2195"]
[BlackElo "2377"]
[PlyCount "80"]
[EventDate "2016.01.08"]
[EventType "swiss"]
[EventRounds "9"]
[EventCountry "CZE"]
[Source "lmi"]
[SourceDate "2016.01.08"]

1. e4 c5 2. Nf3 e6 3. b4 cxb4 4. a3 Nf6 5. Bd3 Nc6 6. Qe2 e5 7. Bc4 Be7 8. axb4
Bxb4 9. c3 Be7 10. d4 d6 11. O-O O-O 12. h3 h6 13. Rd1 Qc7 14. Na3 a6 15. Nh4
Na5 16. Ba2 Re8 17. Rd3 Bf8 18. Rg3 exd4 19. Bxh6 Rxe4 20. Qf3 Rxh4 21. Qxf6
Rxh6 22. Qxh6 d5 23. Qg5 Be6 24. cxd4 Qd7 25. Bb1 Nc6 26. Nc2 g6 27. Ba2 Bg7
28. Rd1 Rc8 29. Ne3 Nxd4 30. Nxd5 Bxd5 31. Bxd5 Ne2+ 32. Kh2 Nxg3 33. Qxg3 Qf5
34. f4 b5 35. Bb7 Rb8 36. Bf3 Bh6 37. Rd4 Qf6 38. Re4 Rd8 39. Bg4 Rd4 40. Qc3
Bxf4+ 0-1

[Event "Open Praha 2016"]
[Site "Praha CZE"]
[Date "2016.01.09"]
[Round "2.13"]
[White "Shevchenko, Kirill"]
[Black "Woloch, Oskar"]
[Result "1-0"]
[WhiteElo "2373"]
[BlackElo "2149"]
[PlyCount "103"]
[EventDate "2016.01.08"]
[EventType "swiss"]
[EventRounds "9"]
[EventCountry "CZE"]
[Source "lmi"]
[SourceDate "2016.01.08"]

1. e4 e5 2. Nf3 Nc6 3. Bb5 a6 4. Ba4 Nf6 5. O-O Be7 6. Re1 b5 7. Bb3 d6 8. a4
Bg4 9. c3 O-O 10. h3 Bxf3 11. Qxf3 Na5 12. Bc2 c5 13. d3 b4 14. Be3 Rb8 15. Nd2
bxc3 16. bxc3 Rb2 17. Rec1 d5 18. Rab1 Rxb1 19. Rxb1 d4 20. cxd4 cxd4 21. Bg5
Nxe4 22. Nxe4 Bxg5 23. Qf5 Qc7 24. Nxg5 g6 25. Qf6 Qxc2 26. Rb6 Qc1+ 27. Kh2
Qf4+ 28. Qxf4 exf4 29. Ne4 f5 30. Nf6+ Kg7 31. Nd7 Rc8 32. Rxa6 Nb3 33. Ra7 Kh6
34. h4 Nc5 35. Ne5 g5 36. hxg5+ Kxg5 37. Ra5 Nb3 38. Ra6 Rc7 39. a5 Nd2 40. Re6
f3 41. Nc6 fxg2 42. Kxg2 Kf4 43. Nxd4 Rg7+ 44. Kh3 Rd7 45. Ne2+ Kf3 46. Ng1+
Kxf2 47. Re2+ Kxg1 48. Rxd2 Rg7 49. a6 f4 50. Ra2 f3 51. a7 f2 52. Ra1+ 1-0

[Event "Open Praha 2016"]
[Site "Praha CZE"]
[Date "2016.01.09"]
[Round "2.14"]
[White "Eriksson, Christian Altenburg"]
[Black "Lokander, Martin"]
[Result "0-1"]
[WhiteElo "2190"]
[BlackElo "2369"]
[PlyCount "48"]
[EventDate "2016.01.08"]
[EventType "swiss"]
[EventRounds "9"]
[EventCountry "CZE"]
[Source "lmi"]
[SourceDate "2016.01.08"]

1. e4 e6 2. d4 d5 3. e5 c5 4. c3 Nc6 5. Nf3 Qb6 6. a3 c4 7. Nbd2 Na5 8. g3 Bd7
9. h4 O-O-O 10. Bh3 f5 11. exf6 gxf6 12. O-O Nh6 13. Re1 Nf5 14. Bxf5 exf5 15.
Nf1 Bd6 16. Ne3 Nb3 17. Rb1 Nxc1 18. Rxc1 f4 19. gxf4 Rhg8+ 20. Kh1 Bxf4 21.
Rg1 Qe6 22. Qf1 Qe4 23. Qd1 Rxg1+ 24. Kxg1 Rg8+ 0-1

[Event "Open Praha 2016"]
[Site "Praha CZE"]
[Date "2016.01.09"]
[Round "2.15"]
[White "Vichnar, David"]
[Black "Ranaldi, Lucas"]
[Result "1/2-1/2"]
[WhiteElo "2360"]
[BlackElo "2143"]
[PlyCount "120"]
[EventDate "2016.01.08"]
[EventType "swiss"]
[EventRounds "9"]
[EventCountry "CZE"]
[Source "lmi"]
[SourceDate "2016.01.08"]

1. d4 Nf6 2. c4 e6 3. g3 c5 4. d5 d6 5. Nc3 exd5 6. cxd5 g6 7. Bg2 Bg7 8. Nf3
O-O 9. O-O a6 10. a4 Re8 11. Nd2 Nbd7 12. h3 Rb8 13. Nc4 Ne5 14. Nxe5 Rxe5 15.
Bf4 Re8 16. Qd3 Nh5 17. Bd2 f5 18. Rfb1 Qc7 19. Qc4 Bd7 20. a5 b5 21. axb6 Rxb6
22. Bf3 Qb7 23. Ra2 Nf6 24. Bf4 Bb5 25. Nxb5 axb5 26. Qc2 Ra6 27. Rba1 Rea8 28.
b3 Ne8 29. Rxa6 Rxa6 30. Re1 Qa7 31. Qd3 b4 32. Kg2 Be5 33. Bxe5 dxe5 34. e4
Ra2 35. d6 c4 36. Qd5+ Kg7 37. Qxe5+ Nf6 38. Be2 cxb3 39. exf5 b2 40. Rb1 Ra5
41. Qxb2 Rxf5 42. Bf3 Rxf3 43. Kxf3 Qb7+ 44. Ke2 Qe4+ 45. Kd2 Qd5+ 46. Kc1 Qh1+
47. Kc2 Qe4+ 48. Kb3 Qd3+ 49. Kxb4 Qxd6+ 50. Kc3 Qc6+ 51. Kb3 Qd5+ 52. Ka4 Qa8+
53. Kb5 Qb7+ 54. Kc5 Qc7+ 55. Kd4 Qd6+ 56. Ke3 Qe6+ 57. Kd2 Qd5+ 58. Kc2 Qe4+
59. Kb3 Qe6+ 60. Ka3 Qa6+ 1/2-1/2

[Event "Open Praha 2016"]
[Site "Praha CZE"]
[Date "2016.01.09"]
[Round "3.1"]
[White "Mikalsen, Erlend"]
[Black "Gundavaa, Bayarsaikhan"]
[Result "1/2-1/2"]
[WhiteElo "2314"]
[BlackElo "2507"]
[PlyCount "82"]
[EventDate "2016.01.08"]
[EventType "swiss"]
[EventRounds "9"]
[EventCountry "CZE"]
[Source "lmi"]
[SourceDate "2016.01.08"]

1. e4 c5 2. Nf3 e6 3. d4 cxd4 4. Nxd4 a6 5. Nc3 Qc7 6. Be2 b5 7. O-O Bb7 8. Re1
Be7 9. Bd3 d6 10. Qg4 Bf6 11. Be3 Ne7 12. Rad1 O-O 13. Qh3 Ng6 14. Nce2 Nc6 15.
c3 Rfe8 16. Bb1 Rac8 17. Ng3 Be7 18. f4 Nf8 19. Rf1 e5 20. Ndf5 exf4 21. Bxf4
Ne5 22. Nh5 Ne6 23. Qg3 Kh8 24. Nfxg7 Nxf4 25. Qxf4 Rg8 26. Nf5 Rg4 27. Qf2
Rcg8 28. g3 Rxe4 29. Bxe4 Bxe4 30. Nd4 f5 31. Nf4 d5 32. Rfe1 Bd6 33. Rxe4 dxe4
34. Nfe6 Qe7 35. Qxf5 Qh4 36. Rf1 Nc4 37. Ne2 Bxg3 38. hxg3 Rxg3+ 39. Nxg3
Qxg3+ 40. Kh1 Qh4+ 41. Kg1 Qg3+ 1/2-1/2

[Event "Open Praha 2016"]
[Site "Praha CZE"]
[Date "2016.01.09"]
[Round "3.2"]
[White "Jurcik, Marian"]
[Black "Hoefelsauer, Thomas"]
[Result "1-0"]
[WhiteElo "2500"]
[BlackElo "2304"]
[PlyCount "43"]
[EventDate "2016.01.08"]
[EventType "swiss"]
[EventRounds "9"]
[EventCountry "CZE"]
[Source "lmi"]
[SourceDate "2016.01.08"]

1. Nf3 d5 2. d4 Nf6 3. c4 c6 4. Nc3 dxc4 5. e3 Bf5 6. Bxc4 e6 7. O-O Nbd7 8.
Qe2 Ne4 9. Nd2 Nxd2 10. Bxd2 Bg6 11. Bb3 Nf6 12. Rad1 Bb4 13. Be1 O-O 14. f3
Nd5 15. e4 Nxc3 16. bxc3 Bd6 17. f4 Qe7 18. Qf3 f6 19. Bh4 Qe8 20. Rde1 Bc7 21.
Qg4 Bf7 22. Bxf6 1-0

[Event "Open Praha 2016"]
[Site "Praha CZE"]
[Date "2016.01.09"]
[Round "3.3"]
[White "Svana, Peter"]
[Black "Frolov, Artur"]
[Result "1/2-1/2"]
[WhiteElo "2272"]
[BlackElo "2499"]
[PlyCount "65"]
[EventDate "2016.01.08"]
[EventType "swiss"]
[EventRounds "9"]
[EventCountry "CZE"]
[Source "lmi"]
[SourceDate "2016.01.08"]

1. Nf3 Nf6 2. c4 g6 3. g3 Bg7 4. Bg2 O-O 5. O-O d6 6. Nc3 e5 7. d3 a5 8. Rb1 c5
9. Bg5 h6 10. Bxf6 Bxf6 11. Nd5 Nc6 12. a3 Be6 13. Nd2 Bg7 14. e3 Kh8 15. Qb3
Ra7 16. Ne4 Bxd5 17. cxd5 Ne7 18. Nc3 b6 19. Qc4 f5 20. b4 axb4 21. axb4 f4 22.
exf4 exf4 23. Nb5 Ra4 24. d4 fxg3 25. hxg3 Nf5 26. dxc5 bxc5 27. Nc3 Rxb4 28.
Rxb4 cxb4 29. Qxb4 Qa8 30. Ne2 g5 31. Qg4 Qa7 32. Be4 Nd4 33. Nxd4 1/2-1/2

[Event "Open Praha 2016"]
[Site "Praha CZE"]
[Date "2016.01.09"]
[Round "3.4"]
[White "Teske, Henrik"]
[Black "Kantorik, Marian"]
[Result "1-0"]
[WhiteElo "2461"]
[BlackElo "2252"]
[PlyCount "39"]
[EventDate "2016.01.08"]
[EventType "swiss"]
[EventRounds "9"]
[EventCountry "CZE"]
[Source "lmi"]
[SourceDate "2016.01.08"]

1. d4 Nf6 2. c4 e6 3. Nf3 b6 4. Bf4 Bb7 5. e3 Bb4+ 6. Nbd2 O-O 7. Bd3 Ne4 8.
O-O Nxd2 9. Nxd2 d5 10. cxd5 exd5 11. Qc2 Bxd2 12. Bxc7 Qc8 13. Bxh7+ Kh8 14.
Bf5 Nd7 15. Rfd1 Bb4 16. Rac1 Qe8 17. Qa4 Nc5 18. Qxb4 Na6 19. Qd6 g6 20. Qf6+
1-0

[Event "Open Praha 2016"]
[Site "Praha CZE"]
[Date "2016.01.09"]
[Round "3.5"]
[White "Brokken, Dennis"]
[Black "Gavrilov, Alexei"]
[Result "0-1"]
[WhiteElo "2268"]
[BlackElo "2425"]
[PlyCount "122"]
[EventDate "2016.01.08"]
[EventType "swiss"]
[EventRounds "9"]
[EventCountry "CZE"]
[Source "lmi"]
[SourceDate "2016.01.08"]

1. d4 Nf6 2. c4 e6 3. Nc3 Bb4 4. e3 O-O 5. Nge2 d5 6. a3 Bd6 7. Ng3 c5 8. dxc5
Bxc5 9. b4 Bb6 10. Na4 Bc7 11. Bb2 Nc6 12. cxd5 exd5 13. Be2 Qe7 14. O-O Rd8
15. Qc2 Be5 16. Rfd1 g6 17. Rac1 h5 18. b5 Na5 19. Bxe5 Qxe5 20. Qd2 b6 21. Qb4
Be6 22. Nb2 h4 23. Nf1 h3 24. gxh3 d4 25. Rxd4 Rxd4 26. Qxd4 Qg5+ 27. Ng3 Nb3
28. h4 Qh6 29. Qxf6 Nxc1 30. Bc4 Qg7 31. Qg5 Qxb2 32. Bxe6 fxe6 33. Qxg6+ Qg7
34. Qxe6+ Kh8 35. Qc4 Qa1 36. Qc6 Rf8 37. Qh6+ Kg8 38. Qe6+ Kh8 39. Qh6+ Kg8
40. Qe6+ Kh7 41. Kg2 Qf6 42. Qe4+ Qg6 43. Qc4 Nd3 44. f4 Ne1+ 45. Kh3 Rg8 46.
Qe2 Nd3 47. f5 Qg4+ 48. Qxg4 Nf2+ 49. Kg2 Nxg4 50. e4 Kg7 51. Kf3 Nxh2+ 52. Kf4
Kf7 53. Ne2 Rg4+ 54. Ke5 Nf3+ 55. Kd5 Rg2 56. Nf4 Rd2+ 57. Kc6 Rd4 58. Ne6 Rxe4
59. Ng5+ Nxg5 60. hxg5 Rd4 61. Kb7 Ra4 0-1

[Event "Open Praha 2016"]
[Site "Praha CZE"]
[Date "2016.01.09"]
[Round "3.6"]
[White "Chetverik, Maxim"]
[Black "Manik, Mikulas"]
[Result "1/2-1/2"]
[WhiteElo "2260"]
[BlackElo "2406"]
[PlyCount "22"]
[EventDate "2016.01.08"]
[EventType "swiss"]
[EventRounds "9"]
[EventCountry "CZE"]
[Source "lmi"]
[SourceDate "2016.01.08"]

1. d4 Nf6 2. c4 g6 3. Nf3 Bg7 4. g3 O-O 5. Bg2 Nc6 6. O-O d5 7. cxd5 Nxd5 8.
Nc3 Bf5 9. Re1 Nxc3 10. bxc3 Be4 11. Bf1 Na5 1/2-1/2

[Event "Open Praha 2016"]
[Site "Praha CZE"]
[Date "2016.01.09"]
[Round "3.7"]
[White "Matras, Ondrej"]
[Black "Rzayev, Bahruz"]
[Result "0-1"]
[WhiteElo "2247"]
[BlackElo "2400"]
[PlyCount "66"]
[EventDate "2016.01.08"]
[EventType "swiss"]
[EventRounds "9"]
[EventCountry "CZE"]
[Source "lmi"]
[SourceDate "2016.01.08"]

1. d4 d5 2. c4 e6 3. Nc3 Nf6 4. Nf3 Bb4 5. Qc2 c5 6. cxd5 exd5 7. Bg5 h6 8.
Bxf6 Qxf6 9. a3 Ba5 10. e3 c4 11. Be2 O-O 12. O-O Bf5 13. Qc1 Rd8 14. Nd2 Nc6
15. Bf3 Bd3 16. Re1 Qg5 17. b3 Rac8 18. bxc4 dxc4 19. Nde4 Qe7 20. Nc5 Ne5 21.
dxe5 Rxc5 22. e6 Qxe6 23. Rd1 b5 24. Qb2 Rb8 25. Rac1 Qf6 26. Qa1 Bxc3 27. Rxc3
a5 28. Qc1 Rg5 29. h4 Rf5 30. Rdxd3 cxd3 31. Rc8+ Rxc8 32. Qxc8+ Kh7 33. Be4
Qa1+ 0-1

[Event "Open Praha 2016"]
[Site "Praha CZE"]
[Date "2016.01.09"]
[Round "3.8"]
[White "Schmidt-Schaeffer, Sebastian"]
[Black "Kierzek, Matthias"]
[Result "1/2-1/2"]
[WhiteElo "2381"]
[BlackElo "2244"]
[PlyCount "68"]
[EventDate "2016.01.08"]
[EventType "swiss"]
[EventRounds "9"]
[EventCountry "CZE"]
[Source "lmi"]
[SourceDate "2016.01.08"]

1. f4 d5 2. Nf3 g6 3. d3 Bg7 4. e4 dxe4 5. dxe4 Qxd1+ 6. Kxd1 Nf6 7. Nc3 c6 8.
Bc4 O-O 9. Ke2 b5 10. Bd3 a6 11. e5 Nd5 12. Nxd5 cxd5 13. a4 b4 14. h3 Nc6 15.
Be3 f6 16. Nd4 Nxe5 17. fxe5 fxe5 18. Nc6 e4 19. Nxe7+ Kh8 20. Rhf1 Bb7 21. Bc5
exd3+ 22. Kxd3 Rxf1 23. Rxf1 a5 24. Rf7 Ba6+ 25. Ke3 Bxb2 26. Nxd5 Bc4 27. Rd7
Re8+ 28. Ne7 b3 29. Kd2 Bf6 30. cxb3 Bxb3 31. Nd5 Bxd5 32. Rxd5 Re4 33. Bb6
Rxa4 34. Rxa5 Rxa5 1/2-1/2

[Event "Open Praha 2016"]
[Site "Praha CZE"]
[Date "2016.01.09"]
[Round "3.9"]
[White "Chudinovskikh, Alexander M"]
[Black "Atalik, Ekaterina"]
[Result "0-1"]
[WhiteElo "2241"]
[BlackElo "2378"]
[PlyCount "128"]
[EventDate "2016.01.08"]
[EventType "swiss"]
[EventRounds "9"]
[EventCountry "CZE"]
[Source "lmi"]
[SourceDate "2016.01.08"]

1. Nf3 g6 2. e4 Bg7 3. d4 d6 4. Bc4 Nf6 5. Qe2 O-O 6. O-O Nc6 7. Rd1 e6 8. e5
Nd7 9. Bg5 Qe8 10. Nc3 Nb6 11. Bb3 d5 12. Nb5 Qd7 13. c3 Na5 14. h4 Nbc4 15.
Bxc4 dxc4 16. Na3 b6 17. Nc2 Bb7 18. Ne3 h6 19. Bf4 Qe7 20. Ng4 Bxf3 21. Qxf3
Qxh4 22. Re1 h5 23. Nh6+ Kh7 24. Re4 Qe7 25. Qe3 Rh8 26. Bg5 Qf8 27. Rf4 Bxh6
28. Bxh6 Qxh6 29. Rxf7+ Kg8 30. Qf3 Rf8 31. Rf6 Rxf6 32. Qxf6 Qg7 33. Qxe6+ Qf7
34. Qh3 Kg7 35. e6 Qf5 36. Qe3 Re8 37. Re1 Nb7 38. Qg3 Nd6 39. Re5 Qg4 40. Qxg4
hxg4 41. d5 Kf6 42. Re2 c6 43. dxc6 Rxe6 44. Rd2 Nb5 45. a4 Nc7 46. Rd4 Rxc6
47. Rxg4 Ne6 48. f3 a6 49. Kh2 g5 50. Re4 Nf4 51. Rd4 Kf5 52. Rd8 Nd3 53. Rd5+
Kf4 54. b3 Ke3 55. bxc4 Rxc4 56. a5 Rc5 57. Rd6 bxa5 58. Rxa6 Kf2 59. Rd6 Rc4
60. g3 Ne1 61. f4 g4 62. Rd2+ Kf1 63. Kh1 Rxc3 64. f5 Rxg3 0-1

[Event "Open Praha 2016"]
[Site "Praha CZE"]
[Date "2016.01.09"]
[Round "3.10"]
[White "Plischki, Sebastian"]
[Black "Gluckman, David"]
[Result "1/2-1/2"]
[WhiteElo "2377"]
[BlackElo "2219"]
[PlyCount "66"]
[EventDate "2016.01.08"]
[EventType "swiss"]
[EventRounds "9"]
[EventCountry "CZE"]
[Source "lmi"]
[SourceDate "2016.01.08"]

1. c4 f5 2. g3 Nf6 3. Bg2 e5 4. d4 e4 5. Nh3 Be7 6. Nc3 O-O 7. O-O Nc6 8. f3
exf3 9. Bxf3 d6 10. Nf4 Qe8 11. Ncd5 Bd8 12. Qd3 Ne4 13. Be3 a5 14. b3 g5 15.
Nh5 Nb4 16. Nxb4 axb4 17. d5 Nf6 18. Bxg5 Nxh5 19. Bxd8 Nxg3 20. hxg3 Qxd8 21.
Qd2 Rf7 22. Kg2 Rg7 23. Rh1 Qf6 24. Kf2 b6 25. e3 Qe5 26. Rhg1 Bd7 27. Qd4 Re7
28. Qxe5 Rxe5 29. Rge1 Be8 30. Re2 Bg6 31. a4 bxa3 32. Rea2 Rae8 33. Re2 Ra8
1/2-1/2

[Event "Open Praha 2016"]
[Site "Praha CZE"]
[Date "2016.01.09"]
[Round "3.11"]
[White "Pochinkov, Andrey"]
[Black "Shevchenko, Kirill"]
[Result "0-1"]
[WhiteElo "2084"]
[BlackElo "2373"]
[PlyCount "92"]
[EventDate "2016.01.08"]
[EventType "swiss"]
[EventRounds "9"]
[EventCountry "CZE"]
[Source "lmi"]
[SourceDate "2016.01.08"]

1. Nf3 Nf6 2. b3 e6 3. Bb2 d5 4. e3 c5 5. d4 Nc6 6. Nbd2 Be7 7. Bd3 O-O 8. O-O
b6 9. Ne5 Bb7 10. f4 Rc8 11. a3 Nxe5 12. dxe5 Ne4 13. Bxe4 dxe4 14. Qe2 Ba6 15.
Nc4 Qd5 16. Rad1 Bxc4 17. bxc4 Qc6 18. f5 exf5 19. Rxf5 Rcd8 20. Rdf1 Qg6 21.
Qf2 Rd7 22. Bc3 Qe6 23. Qe2 Qh6 24. R5f4 Bg5 25. Rxe4 Re8 26. h4 Bd8 27. Qg4
Qe6 28. Qg3 Bc7 29. Rf6 Rd1+ 30. Rf1 Rxf1+ 31. Kxf1 f5 32. Rf4 Bxe5 33. Bxe5
Qxe5 34. Rf3 Qxg3 35. Rxg3 Re4 36. h5 Kf7 37. Rf3 g6 38. hxg6+ hxg6 39. Rf4
Rxe3 40. g4 Re4 41. Rf3 Rxg4 42. Rh3 Rxc4 43. Rh7+ Kf6 44. Rxa7 Rxc2 45. Ra6
Rb2 46. a4 Ke5 0-1

[Event "Open Praha 2016"]
[Site "Praha CZE"]
[Date "2016.01.09"]
[Round "3.12"]
[White "Lokander, Martin"]
[Black "Ilandzis, Spyridon"]
[Result "1-0"]
[WhiteElo "2369"]
[BlackElo "2136"]
[PlyCount "99"]
[EventDate "2016.01.08"]
[EventType "swiss"]
[EventRounds "9"]
[EventCountry "CZE"]
[Source "lmi"]
[SourceDate "2016.01.08"]

1. d4 e6 2. Nf3 Nf6 3. c4 b6 4. a3 Bb7 5. Nc3 d5 6. cxd5 exd5 7. g3 Bd6 8. Bg2
O-O 9. O-O Nbd7 10. Bf4 Bxf4 11. gxf4 c5 12. e3 Rc8 13. Rc1 Ne4 14. Ne5 cxd4
15. Nxd7 Qxd7 16. Qxd4 Rc4 17. Qd3 Nxc3 18. Rxc3 Rxc3 19. Qxc3 Rc8 20. Qd3 Rc6
21. h3 Rg6 22. Kh2 d4 23. Rg1 Bxg2 24. Rxg2 Rd6 25. e4 Rg6 26. Rg3 Qd6 27. e5
Qc5 28. Qe4 h6 29. Rxg6 fxg6 30. Kg3 Qc1 31. Qxd4 Qg1+ 32. Kf3 Qh1+ 33. Ke2
Qxh3 34. Qd5+ Kh7 35. e6 Qg4+ 36. Ke3 Qh3+ 37. Kd4 Qh4 38. Qd7 Qxf2+ 39. Ke5
Qe3+ 40. Kd5 Qc5+ 41. Ke4 Qf5+ 42. Kd4 Qc5+ 43. Kd3 Qf5+ 44. Kc4 Qc2+ 45. Kb5
Qxb2+ 46. Kc6 Qf6 47. Qd6 Qc3+ 48. Kd7 Qf3 49. e7 Qa8 50. e8=Q 1-0

[Event "Open Praha 2016"]
[Site "Praha CZE"]
[Date "2016.01.09"]
[Round "3.13"]
[White "Ivanov, Mikhail M"]
[Black "Nilsen, Martin"]
[Result "1-0"]
[WhiteElo "2359"]
[BlackElo "2092"]
[PlyCount "71"]
[EventDate "2016.01.08"]
[EventType "swiss"]
[EventRounds "9"]
[EventCountry "CZE"]
[Source "lmi"]
[SourceDate "2016.01.08"]

1. Nf3 d5 2. g3 Nf6 3. Bg2 g6 4. c4 c6 5. Qa4 Nbd7 6. cxd5 cxd5 7. d4 Bg7 8.
Nc3 O-O 9. O-O Nb6 10. Qb3 Ne4 11. Bf4 Bf5 12. Nb5 Nc4 13. Rfc1 a6 14. Nc3 b5
15. a4 Nxc3 16. Qxc3 Qa5 17. Qb3 Qb6 18. Qb4 Rfd8 19. b3 Nd6 20. a5 Qb7 21. Ne5
Rac8 22. g4 Be6 23. h3 Rxc1+ 24. Rxc1 Rc8 25. Nd3 Rxc1+ 26. Bxc1 Qc8 27. Be3 h5
28. Qc5 hxg4 29. Qxc8+ Bxc8 30. hxg4 Bxg4 31. Nb4 Bxe2 32. Nxa6 Nf5 33. Nb4
Bxd4 34. Bxd4 Nxd4 35. a6 Ne6 36. Nxd5 1-0